000 00487pab a2200169 454500
008 180718b2008 xxu||||| |||| 00| 0 eng d
100 _aCaruson, Kiki
245 _aDisaster vulnerabilities: how strong a push toward regionalism and intergovernmental cooperation?
260 _c2008
300 _ap.286-306.
362 _aSep
650 _aDisaster prevention
700 _aMacManus, Susan A.
773 _aAmerican Review of Public Administration
908 _aN
909 _a79985
999 _c79985
_d79985